Rethinking writing

Saved in:
Bibliographic Details
Main Author: Harris, Roy (Author)
Format: Book
Language:English
Published: Londres Continuum 2001
Subjects:
Tags: Add Tag
No Tags, Be the first to tag this record!

MARC

LEADER 00000nam a2200000 a 4500
001 UCK5671
003 CL-VaPUC
008 050812e20010000uk |||||||||||||||||eng|d
020 |a 0826457983 
082 0 4 |a 302.2244  |b HAR  |2 21 
100 |a Harris, Roy  |e author  |9 494571 
245 1 0 |a Rethinking writing 
300 |a 254 p 
942 |c BK 
945 |d 20050812 00:00:00  |a jcarroza 
260 |a Londres  |b Continuum  |c 2001 
650 0 |a Comunicación escrita  |9 345084 
650 0 |a Semiótica  |9 265317 
650 0 |a Escritura  |9 264941 
583 |a last modification  |c 20171006 10:36:26  |k Rodrigo Vera 
999 |c 314167  |d 314165 
952 |0 0  |1 0  |4 0  |6 302_224400000000000_HAR_2001  |7 0  |8 A  |9 386160  |a FDOPOS  |b FDOPOS  |d 2019-11-22  |i 4153235  |o 302.2244 HAR 2001  |p 4153235  |r 2025-01-22  |w 2019-11-22  |y BK  |k MLA